| 000 -LEADER |
| fixed length control field |
01516cam a2200385 a 4500 |
| 001 - CONTROL NUMBER |
| control field |
14889553 |
| 003 - CONTROL NUMBER IDENTIFIER |
| control field |
NUST |
| 005 - DATE AND TIME OF LATEST TRANSACTION |
| control field |
20191023105155.0 |
| 008 - FIXED-LENGTH DATA ELEMENTS--GENERAL INFORMATION |
| fixed length control field |
070613s2007 ne a b 000 0 eng |
| 010 ## - LIBRARY OF CONGRESS CONTROL NUMBER |
| LC control number |
2007276818 |
| Canceled/invalid LC control number |
2007440096 |
| 020 ## - INTERNATIONAL STANDARD BOOK NUMBER |
| International Standard Book Number |
9781586037161 (pbk.) |
| 020 ## - INTERNATIONAL STANDARD BOOK NUMBER |
| International Standard Book Number |
1586037161 (pbk.) |
| 038 ## - RECORD CONTENT LICENSOR |
| Staff Name |
MSOHAIL |
| 040 ## - CATALOGING SOURCE |
| Original cataloging agency |
DLC |
| Transcribing agency |
DLC |
| Modifying agency |
DLC |
| 043 ## - GEOGRAPHIC AREA CODE |
| Geographic area code |
e------ |
| 050 00 - LIBRARY OF CONGRESS CALL NUMBER |
| Classification number |
HT169.E8 |
| Item number |
T75 2007 |
| 082 00 - DEWEY DECIMAL CLASSIFICATION NUMBER |
| Classification number |
307.1216094 |
| Edition number |
22 |
| 100 1# - MAIN ENTRY--PERSONAL NAME |
| Personal name |
Trip, J. J. |
| 9 (RLIN) |
24578 |
| 245 10 - TITLE STATEMENT |
| Title |
What makes a city? : |
| Remainder of title |
planning for "quality of place" : the case of high-speed train station area redevelopment / |
| Statement of responsibility, etc. |
[Jan Jacob Trip]. |
| 260 ## - PUBLICATION, DISTRIBUTION, ETC. |
| Place of publication, distribution, etc. |
Amsterdam, the Netherlands : |
| Name of publisher, distributor, etc. |
Delft University Press, |
| Date of publication, distribution, etc. |
2007. |
| 300 ## - PHYSICAL DESCRIPTION |
| Extent |
255 p. : |
| Other physical details |
ill. (some col.) ; |
| Dimensions |
24 cm. |
| 490 0# - SERIES STATEMENT |
| Series statement |
Sustainable urban areas, |
| International Standard Serial Number |
1574-6410 ; |
| Volume/sequential designation |
12 |
| 500 ## - GENERAL NOTE |
| General note |
"Delft Centre for Sustainable Urban Areas"--Cover. |
| 500 ## - GENERAL NOTE |
| General note |
"Erratum" inserted. |
| 502 ## - DISSERTATION NOTE |
| Dissertation note |
Thesis (doctoral)--Delft University of Technology, 2007. |
| 504 ## - BIBLIOGRAPHY, ETC. NOTE |
| Bibliography, etc. note |
Includes bibliographical references (p. 235-248). |
| 650 #0 - SUBJECT ADDED ENTRY--TOPICAL TERM |
| Topical term or geographic name entry element |
City planning |
| Geographic subdivision |
Europe. |
| 9 (RLIN) |
24320 |
| 650 #0 - SUBJECT ADDED ENTRY--TOPICAL TERM |
| Topical term or geographic name entry element |
Urban renewal |
| Geographic subdivision |
Europe. |
| 9 (RLIN) |
24579 |
| 650 #0 - SUBJECT ADDED ENTRY--TOPICAL TERM |
| Topical term or geographic name entry element |
Urban renewal |
| Geographic subdivision |
Europe |
| Form subdivision |
Case studies. |
| 9 (RLIN) |
24580 |
| 650 #0 - SUBJECT ADDED ENTRY--TOPICAL TERM |
| Topical term or geographic name entry element |
Railroad stations |
| Geographic subdivision |
Europe. |
| 9 (RLIN) |
24581 |
| 710 2# - ADDED ENTRY--CORPORATE NAME |
| Corporate name or jurisdiction name as entry element |
Delft Centre for Sustainable Urban Areas. |
| 9 (RLIN) |
24582 |
| 906 ## - LOCAL DATA ELEMENT F, LDF (RLIN) |
| a |
7 |
| b |
cbc |
| c |
origres |
| d |
2 |
| e |
ncip |
| f |
20 |
| g |
y-gencatlg |
| 942 ## - ADDED ENTRY ELEMENTS (KOHA) |
| Source of classification or shelving scheme |
|
| Koha item type |
Book |